Disclosure : a novel /

Bibliographic Details
Main Author: Crichton, Michael, 1942-2008
Format: Book
Language:English
Published: New York : A.A. Knopf, 1994.
Edition:1st ed.
Subjects:

MARC

Tag First Indicator Second Indicator Subfields
LEADER 00000cam a2200000 a 4500
001 in00001170913
005 20151001072519.0
008 930825s1994 nyu 000 1 eng
010 |a  93034201  
020 |a 0679419454 :  |c $24.00 ($29.95 Can.) 
035 |a (OCoLC)28844025 
035 |9 AGE5267AM 
040 |a DLC  |c DLC  |d TXA  |d UtOrBLW 
043 |a n-us--- 
049 |a TXAM 
050 0 0 |a PS3553.R48  |b D57 1994 
082 0 0 |a 813/.54  |2 20 
100 1 |a Crichton, Michael,  |d 1942-2008. 
245 1 0 |a Disclosure :  |b a novel /  |c by Michael Crichton. 
250 |a 1st ed. 
264 1 |a New York :  |b A.A. Knopf,  |c 1994. 
300 |a 397 pages ;  |c 24 cm. 
336 |a text  |b txt  |2 rdacontent 
337 |a unmediated  |b n  |2 rdamedia 
338 |a volume  |b nc  |2 rdacarrier 
650 0 |a Sexual harassment of women  |z United States  |x Fiction. 
650 0 |a Computer industry  |z United States  |x Fiction. 
655 7 |a Mystery fiction.  |2 gsafd 
999 |a MARS 
999 f f |s c8220bf7-9bde-3aa2-b922-ec4d41adf14c  |i 7d2e970d-2dd2-392e-a96c-7076b9f5faa8  |t 0 
952 f f |p normal  |a Texas A&M University  |b College Station  |c Sterling C. Evans Library  |s Evans stk  |d Evans: Library Stacks  |t 0  |e PS3553.R48 D57 1994  |h Library of Congress classification  |i unmediated -- volume  |m A14830447417 
952 f f |a Texas A&M University  |b College Station  |c Sterling C. Evans Library  |s Evans Withdrawn (Evans)  |d SUPPRESSED  |t 1  |e PS3553.R48 D57 1994  |h Library of Congress classification